000
00282nam a22001217a 4500
020
_a
0-408-70479-9
082
_a
621.3 TAG'E
100
_a
TAGG, G. F
_9
78956
245
_a
ELECTRICAL INDICATING INSTRUMENTS
260
_a
LONDON
_b
BUTTTERWORTH
_c
1974
300
_a
227P
942
_c
BK
999
_c
584027
_d
584027